000 00438nam a2200169Ia 4500
008 240510s9999 xx 000 0 und d
041 _aEng
082 _a519.68/12
082 _bNS
245 0 _aMathematical library (MATHLIB - 2/4/6) functional description
260 _bNEC, Tokyo
260 _c1984
300 _a338 p.
650 _aMathematical library : MATHLIB - 2/4/6 : ACOS 2/4/6 operat
942 _2ddc
942 _cLBK
999 _c24172
_d24172
945 _a1
_bMadushi Gamage
_c1
_dMadushi Gamage